Perspectives on socially shared cognition

I tiakina i:
Ngā taipitopito rārangi puna kōrero
Ngā kaituhi matua: Resnick, Lauren B (Author), Levine, John M (Author), Teasley, Stephanie D (Author)
Hōputu: Pukapuka
Reo:Ingarihi
I whakaputaina: Washington, D.C American Psychological Association 1991
Ngā marau:
Ngā Tūtohu: Tāpirihia he Tūtohu
Kāore He Tūtohu, Me noho koe te mea tuatahi ki te tūtohu i tēnei pūkete!

MARC

LEADER 00000nam a2200000 a 4500
001 UCK1954
003 CL-VaPUC
008 041210e19910000US |||||||||||||||||eng|d
020 |a 1557983763 
082 0 4 |a 302.12  |b RES  |2 21 
100 0 |a Resnick, Lauren B  |e author  |9 489822 
700 0 |a Levine, John M  |e author  |9 489823 
700 0 |a Teasley, Stephanie D  |e author  |9 489824 
245 1 0 |a Perspectives on socially shared cognition 
300 |a 429 p 
942 |c BK 
945 |d 20041210 00:00:00  |a cmena 
260 |a Washington, D.C  |b American Psychological Association  |c 1991 
650 7 |a COMPRENSION SOCIAL  |2 CL-VaPUC  |9 489825 
650 0 |a Comunicación   |9 257251 
650 0 |a Sociolingüística  |9 263716 
650 0 |a Cognición   |9 270347 
583 |a last modification  |c 20041210 00:00:00  |k Rodrigo Vera 
999 |c 311692  |d 311690 
952 |0 0  |1 0  |4 0  |6 302_120000000000000_RES_1991  |7 0  |8 A  |9 381248  |a FDOPOS  |b FDOPOS  |d 2019-11-21  |i 4085043  |o 302.12 RES 1991  |p 4085043  |r 2025-01-22  |w 2019-11-21  |y BK  |k MLA